00450 2200169 4500001002100000005001500021008004100036035001900077041000700096082000800103090001400111100001900125245003500144260005500179300001800234650002800252INLIS00000000001314120241224114511241224||||||||| | ||| |||| || |  0010-1224013141 aid0 a360 a360 SYA p0 aSyarif Muhidin00aPENGANTAR KESEJAHTERAAN SOSIAL aBandungbSEKOLAH TINGGI KESEJAHTERAAN SOSIALc1992 a65hlm;15x20cm 0alayanan sosial asosiasi